|
|
|
|
| LEADER |
01079cam a2200337 i 4500 |
| 001 |
000046203 |
| 003 |
5657 |
| 005 |
20180110090751.0 |
| 008 |
010220b1995 vm 000 eng |
| 020 |
|
|
|a 0827365292
|
| 040 |
|
|
|a LRCC
|c LRCC
|d LRCC
|
| 041 |
0 |
|
|a eng
|
| 082 |
1 |
4 |
|a 621.56
|b LA-B
|
| 100 |
1 |
|
|a Langley, Billy C.,
|d 1931-
|
| 245 |
0 |
0 |
|a Fundamentals of refrigeration /
|c Billy C. Langley, 1931-
|
| 260 |
|
|
|a Albany :
|b Delmar Publishers,
|c 1995.
|
| 300 |
|
|
|a xiv, 414p. :
|b ill.
|
| 630 |
0 |
4 |
|a Refrigeration.
|
| 650 |
0 |
4 |
|a Refrigeration and refrigerating machinery.
|
| OWN |
|
|
|a DUT
|
| AVA |
|
|
|a UDN50
|b DUT
|c Book
|d 621.56 LA-B
|e available
|t Error 5001 Not defined in file expand_doc_bib_avail.
|f 1
|g 0
|h N
|i 0
|j SH
|k 1
|
| 999 |
|
|
|a From the UDN01
|
| AVA |
|
|
|a UDN50
|b DUT
|c Book
|d 621.56 LA-B
|e available
|t Error 5001 Not defined in file expand_doc_bib_avail.
|f 1
|g 0
|h N
|i 0
|j SH
|k 1
|
| TYP |
|
|
|a Monograph
|
| TYP |
|
|
|a Printed language
|
| 980 |
|
|
|a Mạng thư viện Đại học Đà Nẵng
|